01275cam a22003497a 4500003000500000005001700005008004100022010001000063011001000073035001000083040000900093090001000102100004000112245009900152260004000251300002200291502007500313590003700388590004100425590004100466590004100507590004200548650003700590650002800627650003000655710003400685901000700719942001000726949004500736999001700781952012700798CHAP20220817043227.0971013s1989 r 00010 d a69021 a69993 a79472 cCHAP aTesis00aDomínguez Torres, Armando.93390013aEl encalado, una necesidad en los suelos ácidos altamente intemperizados del Sur de Veracruz aChapingo, Méx. :bEl autor,c1989 a[181] h. apénd. aTesis (Ing. Agrónomo Esp. en Suelos) -- UACH. Departamento de Suelos aALEPHb10c20130110lUCH01h1407 aBATCH-UPDb10c20130110lUCH01h0820 aBATCH-UPDb10c20130410lUCH01h0457 aBATCH-UPDb10c20130914lUCH01h0815 aCONVERSIONb10c20130109lUCH01h133814aCalcioxEfecto en suelos.91733814aSuelosxAcidez.911019214aSueloszVeracruz.91105300 aUACH. Departamento de Suelos. aBK cTESIS bBCcTESd-32361eTS1h22381i79472mDsi c69021d69021 00102local4051708TESISaBCbBCcPA_TESISd2019-12-31fTESISl0oTesisp-32361r2019-12-31 00:00:00w2019-12-31yTESIS